Grach--ptit︠s︡a vesenni︠a︡i︠a︡ : povestʹ o N.Ė. Baumane /

Bibliographic Details
Main Author: Mstislavskiĭ, S. D. (Sergeĭ Dmitrievich), 1876-1943
Format: Book
Language:Russian
Published: Kiev : "Radi︠a︡nsʹka shkola", 1987.
Subjects:

MARC

Tag First Indicator Second Indicator Subfields
LEADER 00000cam a2200000Ia 4500
001 in00002012227
005 20151031153922.0
008 880323r19871975un 000 1 rusod
020 |c 0.70rub 
035 |a (OCoLC)ocm17665374 
040 |a AZU  |c AZU  |d OCL  |d TXA  |d UtOrBLW 
043 |a e-ur--- 
049 |a TXAM 
090 |a PG3476.M73  |b G7 1987 
100 1 |a Mstislavskiĭ, S. D.  |q (Sergeĭ Dmitrievich),  |d 1876-1943. 
245 1 0 |a Grach--ptit︠s︡a vesenni︠a︡i︠a︡ :  |b povestʹ o N.Ė. Baumane /  |c S.D. Mstislavskiĭ. 
264 1 |a Kiev :  |b "Radi︠a︡nsʹka shkola",  |c 1987. 
300 |a 265 pages ;  |c 21 cm. 
336 |a text  |b txt  |2 rdacontent 
337 |a unmediated  |b n  |2 rdamedia 
338 |a volume  |b nc  |2 rdacarrier 
500 |a Reprint. Previously published: Leningrad : Lenizdat, 1975. 
500 |a Romanized record. 
600 1 0 |a Bauman, Nikolaĭ Ėrnestovich,  |d 1873-1905  |v Fiction. 
650 0 |a Revolutionaries  |z Soviet Union  |v Fiction. 
740 0 |a Povestʹ o N.Ė. Baumane. 
740 0 |a Grach, ptit︠s︡a vesenni︠a︡i︠a︡. 
948 |a cataloged  |b h  |c 2004/12/17  |d c  |e spoltoratski  |f 11:06:03 am 
994 |a E0  |b TXA 
999 |a MARS 
999 f f |s 511c18ed-37f3-3bd4-bf86-0b902c74adae  |i 8493e874-3506-3c61-901f-02a027c1e91c  |t 0 
952 f f |p ric  |a Texas A&M University  |b Rellis Campus  |c Joint Library Facility  |d Remote Storage  |t 0  |e PG3476.M73 G7 1987  |h Library of Congress classification  |i unmediated -- volume  |m A14831593350 
998 f f |a PG3476.M73 G7 1987  |t 0  |l Remote Storage